[Event "ISR-chT 2018"]
[Site "Israel"]
[Date "2018.02.09"]
[Round "5"]
[White "Golod, Vitali"]
[Black "Parkhov, Yair"]
[Result "1/2-1/2"]
[WhiteElo "2535"]
[BlackElo "2380"]
[Annotator "TA"]
[PlyCount "141"]
[EventDate "2018.??.??"]
[EventType "team-tourn"]
[EventCountry "ISR"]
[SourceTitle "playchess.com"]
[Source "ChessBase"]
[SourceQuality "1"]

{[%evp 15,141,6,20,-16,-27,-21,-9,-16,-16,-22,-14,-22,-22,-36,-10,-67,0,0,17,17,40,16,15,12,16,0,10,6,64,54,72,25,46,10,16,21,43,0,39,0,0,-9,-6,-8,-6,-6,-6,-6,0,0,0,0,0,0,0,-4,-7,-8,-10,-30,0,0,0,-16,19,22,18,18,47,33,21,42,165,4,4,4,4,0,0,0,0,0,0,0,0,0,0,0,0,0,0,0,0,0,0,0,0,0,0,0,0,0,0,0,0,0,0,0,0,0,0,0,0,0,0,0,0,0,0,0,0,0,0,0,0,-12834,0,0]} 1. d4 d5 2. c4 e6 3. Nf3 c6 4. e3 Nf6 5. Nc3 Nbd7 6. Bd3 dxc4 7. Bxc4 b5 8. Be2 a6 {LiveBook: 159 Games} 9. Nd2 {D47: Semi-Slav: Meran System} (9. e4 c5 10. e5 cxd4 11. Qxd4 Bc5 12. Qh4 Nd5 13. Qg3 Qb6 14. O-O Nxc3 15. bxc3 g6 16. a4 Bb7 17. Rb1 {1-0 (32) Aleksandrov,A (2589)-Michalik,P (2557) Katowice 2017}) 9... Bb7 $146 ({Predecessor:} 9... c5 10. Bf3 Rb8 11. Nde4 Nxe4 12. Nxe4 c4 13. O-O Be7 14. b3 cxb3 15. axb3 {0-1 (39) Reindl,W-Huettl,G Bayern 1996}) 10. Bf3 Qc7 11. a4 b4 12. Nce4 Nxe4 13. Nxe4 c5 14. O-O Rd8 15. Bd2 (15. Qe2 $11) 15... Bxe4 (15... a5 $15) 16. Bxe4 $11 Bd6 17. g3 O-O 18. Qe2 a5 19. Rac1 Qa7 20. Rfd1 Nf6 21. Bf3 cxd4 (21... Be7 $11) 22. exd4 $14 Rc8 23. Rc4 (23. Be3 {feels hotter.} Nd5 24. Bxd5 exd5 25. Qb5 Qa8 26. Qb6) 23... Qd7 24. Rxc8 Rxc8 25. Qa6 Qd8 26. Bc6 Nd5 27. Rc1 (27. Bxd5 $5 exd5 28. b3 $11) 27... Ne7 28. Be4 Rxc1+ 29. Bxc1 h6 30. Be3 Bc7 31. Qb5 Bb6 32. b3 Nc8 33. Qc6 Kf8 34. Kf1 Nd6 35. Bd3 Ne8 36. Qc4 Nf6 37. Be2 Qd5 (37... Qa8 {keeps more tension.} 38. Kg1 Nd5 39. Bd2 Ne7 40. Bd3 Qd8) 38. Qxd5 Nxd5 $11 {[%mdl 4096] Endgame KBB-KBN} 39. Bf3 Nf6 40. Ke2 Ke7 41. Kd3 Ne8 42. d5 Bxe3 43. fxe3 $14 {KB-KN} Nd6 (43... Nc7 $14) 44. dxe6 $2 (44. Kd4 $18) 44... fxe6 $11 45. Kd4 {[#] aiming for Kc5.} Nf5+ $1 46. Kc5 Nxe3 47. Kb5 Kd6 $1 48. Kxa5 {Kb6 is the strong threat.} Kc5 49. Ka6 $1 {[#] Hoping for a5.} Nf5 {Threatens to win with ...Nd4.} 50. a5 Nd4 51. Kb7 $1 {Black must now prevent a6.} Nxb3 52. a6 Na5+ 53. Kc7 {And now a7 would win.} Nc4 54. a7 Nb6 55. Bd1 e5 {Strongly threatening ...e4.} 56. Bc2 Nd5+ 57. Kb7 Nb6 58. h4 h5 59. Kc7 Nd5+ 60. Kb8 Nb6 61. Kb7 Kb5 62. Bd3+ Kc5 63. Bc2 Kb5 64. Bd3+ Kc5 65. Bc2 Kb5 66. Bg6 b3 67. Bb1 b2 68. Bc2 Kc5 69. Bd3 Kd4 70. Bf5 $2 {[%mdl 8192]} (70. Bc2 $11 Kc5 71. Ka6) 70... Kc5 $2 ({Black should play} 70... e4 $19 71. Kxb6 b1=Q+ 72. Kc7 Qc2+ 73. Kb7 Qb3+ 74. Kc8 Qc4+ 75. Kb8 Qb5+ 76. Kc7 Qa6 77. Bxe4 Kxe4) 71. Bc2 {Precision: White = 55%, Black = 56%.} 1/2-1/2

[Event "ISR-chT 2018"]
[Site "Israel"]
[Date "2018.02.09"]
[Round "5"]
[White "Zoler, Dan"]
[Black "Sivuk, Vitaly"]
[Result "1-0"]
[WhiteElo "2502"]
[BlackElo "2524"]
[Annotator "TA"]
[PlyCount "75"]
[EventDate "2018.??.??"]
[EventType "team-tourn"]
[EventCountry "ISR"]
[SourceTitle "playchess.com"]
[Source "ChessBase"]
[SourceQuality "1"]

{[%evp 24,75,14,21,17,0,26,0,27,0,0,-12,-18,-39,-33,-47,-45,-33,-39,-110,-93,-211,-206,-190,-132,-122,-122,-150,-119,-120,-71,-89,-73,-74,-67,-81,-79,-102,-56,-74,0,0,79,78,75,70,100,85,75,77,94,101,29993,29994]} 1. d4 d6 2. Nf3 g6 3. g3 Nf6 4. Bg2 Bg7 5. O-O O-O 6. c4 Nc6 7. Nc3 e5 8. d5 Nb8 9. Ne1 {E62: King's Indian: Fianchetto: 6...c6 and Panno Variation (6...Nc6) without ...a6} a5 10. Nd3 Na6 11. e4 Nd7 12. Be3 Ndc5 13. Nxc5 {LiveBook: 8 Games} Nxc5 14. Qd2 f5 15. Rae1 {[#]} Bd7 $146 ({Predecessor:} 15... b6 16. f4 Ba6 17. b3 {½-½ (48) Naumann,A (2543)-Naiditsch,A (2684) Germany 2016}) 16. f4 (16. Bxc5 $5 dxc5 17. d6 $14) 16... Nxe4 17. Nxe4 fxe4 18. Bxe4 exf4 19. Bxf4 Qf6 20. b3 a4 21. b4 (21. Kg2 $15) 21... Rae8 {And now ...Qd4+ would win.} 22. h4 (22. Bd3 $17 {was necessary.}) 22... Qc3 $19 23. Bg2 Qxc4 (23... Bd4+ $19 24. Kh2 Bg4 25. Rxe8 Rxe8 26. Qxc3 Bxc3) 24. Rc1 $17 Qd4+ 25. Rf2 Qb6 {White must now prevent ...Bd4.} 26. Kh2 Re7 27. Re2 Rfe8 {[%cal Bf8e8,Be8e7,Be7f7][%mdl 32]} 28. Rxe7 Rxe7 29. Re1 {[#]} Rf7 $1 30. Re4 Qa6 31. Qe3 a3 ({Better is} 31... Bf8 $17) 32. Re7 $11 Qa4 (32... Qa8 $11) 33. Rxf7 $16 Kxf7 {[#]} 34. Qc1 $1 {[%cal Rc1c7]} c5 35. Bxd6 Qxb4 36. Bxc5 Qb2 37. Qf4+ Bf6 $2 {[%mdl 8192]} (37... Qf6 $16) 38. Qd6 {Precision: White = 51%, Black = 44%.} 1-0

[Event "ISR-chT 2018"]
[Site "Israel"]
[Date "2018.02.09"]
[Round "5"]
[White "Flom, Gabriel"]
[Black "Reshef, Omer"]
[Result "1-0"]
[WhiteElo "2485"]
[BlackElo "2472"]
[Annotator "TA"]
[PlyCount "109"]
[EventDate "2018.??.??"]
[EventType "team-tourn"]
[EventCountry "ISR"]
[SourceTitle "playchess.com"]
[Source "ChessBase"]
[SourceQuality "1"]

{[%evp 9,109,-27,-25,-28,-13,-7,-7,-24,-6,-2,-2,-27,-16,-44,12,-34,-29,-51,-66,-97,-87,-88,-88,-88,-95,-97,-68,-81,0,-97,-92,-97,-89,-93,-90,-107,-89,-103,-85,-85,0,-118,-106,-118,-122,-112,-113,-205,-196,-209,-202,-456,-461,-808,-344,-613,-601,-638,-638,-593,-532,-683,-697,-638,-687,-710,-677,-677,-561,-635,-485,-432,178,156,378,472,589,578,684,698,643,437,437,429,539,527,490,479,5826,5730,5526,5493,29987,29988,29990,29991,29991,29990,29990,29991,29991,29992]} 1. b3 e5 2. Bb2 Nc6 3. c4 g6 4. e3 Bg7 5. d3 (5. Nf3 d6 6. Be2 Nf6 7. d4 O-O 8. O-O exd4 9. Nxd4 Re8 10. Nxc6 bxc6 11. Bf3 Bd7 12. Nc3 Rb8 13. h3 c5 14. Qd2 h5 15. Rad1 Qe7 16. Rfe1 {1-0 (38) Karjakin,S (2773)-Kasparov,G (2812) Saint Louis 2017}) 5... Nge7 6. a3 {A01: Larsen-Eröffnung} a5 7. Nd2 O-O 8. Ngf3 {Die Stellung ist ausgeglichen.} d6 9. Qc2 h6 10. Be2 f5 11. h4 Be6 (11... f4 $15) 12. Rc1 $146 (12. d4 $5 {[%cal Rd4d5]}) 12... f4 13. exf4 Rxf4 14. g3 Rf7 15. O-O Qd7 16. Ne4 Raf8 17. Qd1 Bg4 {[%cal Rg4f3]} 18. Nh2 Be6 19. Nf3 $1 Bh3 20. Re1 Bg4 {[%cal Rg4f3]} 21. Nh2 Be6 22. Nf3 b6 23. Bc3 Bh3 24. Nh2 Be6 25. Nf3 $1 d5 $36 {[%mdl 2048] Schwarz ist am Drücker.} 26. cxd5 Nxd5 27. Bb2 Nd4 28. Bxd4 (28. Nh2 $17) 28... exd4 $19 {[%cal Be5d4,Bd4c3][%mdl 32]} 29. Nh2 Nc3 30. Nxc3 $2 (30. Qc2 {ist eine bessere Verteidigung.}) 30... dxc3 31. d4 (31. Bg4 $142 Bxg4 32. Qxg4) 31... Qxd4 (31... Rxf2 $142 32. Bg4 Bxg4 33. Qxg4 Qxd4 34. Qxd4 Bxd4) 32. Nf3 $2 (32. Bf3 Qxd1 33. Bxd1) 32... Qc5 33. b4 axb4 34. axb4 Qxb4 35. h5 g5 36. Qd3 Qc5 37. Bd1 Bf5 38. Qe2 {Weiss hofft, mit Lb3 fortzusetzen.} Qa3 39. Rc2 Bg4 40. Qc4 b5 $4 {[%mdl 8192]} ({Nicht} 40... Bxf3 41. Bxf3 b5 42. Qd5 $19) (40... Bxh5 $19 {und Schwarz kann entspannen.} 41. Ra2 Qc5 42. Qxc5 bxc5 43. Nxg5 Bxd1 44. Nxf7 c2 45. Rxc2 Bxc2) 41. Qxg4 $18 b4 $2 (41... Qc5 $16 {war nötig.}) 42. Qc4 $1 b3 {zielt auf ...b2 ab.} 43. Rxc3 Bxc3 44. Qxc3 Rb8 45. Qc6 Qd6 {[#]} 46. Re8+ $1 Rxe8 47. Qxe8+ Qf8 {[#]} 48. Qe4 $1 Qb8 (48... b2 $142 49. Bb3 Qe7 50. Qg6+ Kf8 51. Qxh6+ Kg8 52. Bxf7+ Qxf7 53. Qxg5+ Kh7) 49. Qg6+ Rg7 50. Qe6+ Kh7 51. Bxb3 {Weiß setzt Matt.} Qd8 52. Bc2+ Kh8 53. Qxh6+ Kg8 54. Bb3+ Kf8 55. Qh8+ {Precision: Weiß = 50%, Schwarz = 38%.} 1-0

[Event "ISR-chT 2018"]
[Site "Israel"]
[Date "2018.02.09"]
[Round "5"]
[White "Finkel, Alexander"]
[Black "Arlinsky, Uriel"]
[Result "0-1"]
[WhiteElo "2484"]
[BlackElo "2326"]
[Annotator "TA"]
[PlyCount "144"]
[EventDate "2018.??.??"]
[EventType "team-tourn"]
[EventCountry "ISR"]
[SourceTitle "playchess.com"]
[Source "ChessBase"]
[SourceQuality "1"]

{[%evp 17,144,-17,-13,-52,0,0,0,0,0,0,0,-15,-10,-14,-2,-13,0,-28,6,-19,-8,-116,-101,-115,-127,-120,-122,-130,-114,-101,-133,-108,-130,-125,-125,-121,-95,-142,-95,-167,-170,-169,-175,-216,-179,-186,-142,-195,-77,-145,-89,-176,-185,-423,-429,-422,-408,-413,-405,-408,-398,-684,-683,-858,-850,-770,-455,-449,-406,-444,-434,-541,-519,-738,-681,-479,-256,-248,-43,-337,-230,-232,-225,-234,-226,-465,-472,-437,240,235,240,240,577,222,660,274,631,0,0,0,0,0,0,0,0,0,0,0,0,-12837,-12838,-12838,-12839,-12839,-12839,-12840,-12840,-12841,-12841,-12841,-12841,-12841,0,0,0,-12840,0,-12842,-12843]} 1. e4 e5 2. Nc3 Nf6 3. g3 d5 4. exd5 Nxd5 5. Bg2 Nxc3 6. bxc3 Nc6 7. Nf3 {[%cal Bg1f3,Bf3d2,Bd2c4][%mdl 32]} Bc5 8. O-O O-O 9. Qe2 {C47: Scotch Four Knights and Four Knights with 4 g3} Re8 {LiveBook: 5 Games} 10. Re1 Bb6 (10... e4 $1 $15 11. d3 Qf6) 11. d3 $11 {The position is equal.} Bf5 $146 ({Predecessor:} 11... f6 12. Nd2 Be6 13. a4 Qd7 14. Nc4 Bd5 15. Bxd5+ Qxd5 16. Rb1 Qf7 17. Rb5 Rad8 18. Bd2 {1-0 (37) Mamedov,R (2660)-Sandipan,C (2619) Bilbao 2014}) 12. Nd2 Qd7 13. Nc4 Bh3 14. Bh1 Bg4 15. Qe4 Rad8 16. Rb1 h6 17. a4 Kh8 $40 {[%mdl 128] Black has some attack.} 18. Rb5 {[%cal Rc4e5]} f5 19. Qg2 (19. Nxb6 $11 {keeps the balance.} axb6 20. Qd5) 19... e4 $1 $17 {[%cal Re4d3]} 20. d4 {[#]} Bxd4 $1 {[%mdl 512]} 21. cxd4 Nxd4 22. Qf1 (22. Ne5 $2 Rxe5 23. Rxe5 Nf3+ 24. Qxf3 Bxf3 $19) 22... Nxc2 23. Ne3 Nxe1 24. Qxe1 c6 25. Rb1 Bf3 26. Bb2 Qf7 27. Ba1 Rd3 28. Qf1 (28. Bg2 $17) 28... Red8 $19 29. Qh3 Kg8 30. Bg2 Bxg2 31. Qxg2 b6 32. h4 (32. Qh3 $17) 32... Qh5 (32... Rf8 $19 33. Be5 Qe7) 33. a5 (33. g4 $142 Qxh4 34. gxf5) 33... b5 ({Better is} 33... bxa5 {aiming for ...a4.} 34. Be5 a4) 34. Kh2 (34. g4 $17 {was called for.} Qxh4 35. gxf5) 34... R8d7 35. Rc1 $2 {[#]} (35. Be5) 35... f4 $1 36. gxf4 Qxh4+ 37. Kg1 Qxf4 38. Re1 Kh7 39. Bb2 $2 (39. Nf1) 39... R3d6 40. Nf1 Rg6 41. Ng3 Re7 42. Bd4 Qg4 43. Bc5 Re8 44. Bxa7 h5 45. Kf1 h4 46. Qh1 {[#]} Rf8 (46... e3 $142 $1 47. Rxe3 (47. Bxe3 Rf6) 47... Qc4+ 48. Kg1 Rf8) 47. Nxe4 Rf4 $2 (47... b4 $19 {Strongly threatening ...b3.} 48. Be3 b3) 48. Bb6 $2 {[%mdl 8192]} ({Only move:} 48. Bb8 $1 $15 Rf3 49. Bg3) 48... Rf3 {Hoping for ...Rh3.} 49. Nd2 Rd3 50. Be3 h3 51. Nf3 $2 (51. a6 {was forced.} Ra3 52. Qf3) 51... Rd5 $1 52. a6 h2 $4 {[%mdl 8192]} (52... Qc4+ $19 {and life is good for Black.} 53. Re2 Rd1+ 54. Ne1 Qh4) 53. Qxh2+ $18 Rh5 54. Qf4 Qd7 $2 (54... Qxf4 55. Bxf4 Rh1+ 56. Ke2 Rxe1+ 57. Nxe1 c5) 55. Ke2 $2 (55. Qe4 Qh3+ 56. Ke2) 55... Qd5 $2 (55... Rg4 56. Rd1 (56. Ne5 Rxf4 57. Nxd7 Ra4 $18) 56... Qe6) 56. Ra1 (56. a7 $142 Qa2+ 57. Nd2) 56... Rd6 $2 (56... Rf6 57. Rd1 Qa2+ 58. Rd2 Qxa6 59. Qe4+ Rff5) 57. Ng5+ $2 ({And not} 57. Qxd6 Qxd6 58. a7 Qe6 $11) ({White must play} 57. Qd4 $18) 57... Rxg5 $1 $11 58. Qxg5 Qd3+ $1 59. Kf3 {Black must now prevent a7.} Rf6+ 60. Kg2 Rg6 61. a7 Rxg5+ 62. Bxg5 {[%mdl 4096] Endgame KQ-KRB} Qd5+ 63. Kh3 $2 {[%mdl 8192] [#]} (63. f3 $11 Qxg5+ 64. Kf1) 63... Qf3+ $1 $19 64. Kh2 Qxf2+ ({Inferior is} 64... Qh5+ 65. Kg2 $11) 65. Kh3 Qf5+ 66. Kh4 Qe4+ 67. Kh3 Qe6+ 68. Kg2 Qd5+ 69. Kh3 Qf5+ 70. Kh4 Qe4+ 71. Kh3 {[#]} Qf3+ $2 (71... Qd3+ $1 $19 72. Kg2 Qc2+ 73. Kf1 Qf5+ 74. Ke2 Qe5+ 75. Be3 Qxa1) 72. Kh2 $2 {[%mdl 8192]} (72. Kh4 $11) 72... Qh5+ {Precision: White = 27%, Black = 49%.} 0-1

[Event "ISR-chT 2018"]
[Site "Israel"]
[Date "2018.02.09"]
[Round "5"]
[White "Kobo, Ori"]
[Black "Postny, Evgeny"]
[Result "0-1"]
[WhiteElo "2482"]
[BlackElo "2591"]
[Annotator "TA"]
[PlyCount "112"]
[EventDate "2018.??.??"]
[EventType "team-tourn"]
[EventCountry "ISR"]
[SourceTitle "playchess.com"]
[Source "ChessBase"]
[SourceQuality "1"]

{[%evp 17,112,45,54,52,42,0,51,50,57,39,42,-14,-13,-21,-32,-42,0,0,6,0,0,0,0,0,0,0,0,0,0,0,0,0,29,24,29,29,33,33,60,63,68,0,75,0,70,18,37,37,102,99,137,129,131,128,147,125,129,81,73,0,8,0,74,0,0,0,0,0,0,0,0,0,64,0,0,0,0,0,0,0,0,-833,-8,-715,-8,-8,-8,-12,-12,-12,-8,-30,-31,-29991,-29992,-29995,-29996]} 1. Nf3 d5 2. g3 Nc6 3. d4 Bf5 4. Bg2 Nb4 5. Na3 e6 6. O-O h6 {D02: Damenbauernspiele} 7. Ne5 Bd6 8. c3 Bxe5 9. dxe5 Nc6 {LiveBook: 3 Partien} 10. c4 {[%cal Rc4d5]} Nge7 11. f4 $146 ({Vorgänger:} 11. cxd5 exd5 12. Nb5 O-O 13. Nd4 Nxd4 14. Qxd4 {0-1 (54) Vachier Lagrave,M (2789)-Bosiocic,M (2624) Riadh 2017}) 11... O-O (11... h5 $11) 12. Be3 $14 Qc8 13. Qa4 a6 14. Rac1 {[#]} (14. Qb3 $14) 14... b5 $1 $11 {[%mdl 512]} 15. cxb5 axb5 16. Qb3 b4 17. Nc2 $1 Bxc2 (17... Qb7 {is interesting.} 18. Bc5 Rfb8 19. Ne3 Bh7 20. a3 bxa3 21. Qxb7 Rxb7 22. bxa3 Ra4) 18. Rxc2 Qa6 19. Bc5 Qxa2 20. Qxa2 Rxa2 21. Bxe7 Nxe7 22. Rxc7 Nf5 23. Rb1 Ne3 24. Rb7 Nc2 25. e4 d4 26. Bf1 Rc8 27. Bd3 Rc5 28. Rb8+ Kh7 29. Rb7 Kg8 30. Rb8+ Kh7 31. g4 (31. h3 $14) 31... Ra7 32. Rc1 Rac7 ({Günstiger ist} 32... b3 $1 $14) 33. h3 $16 g5 34. f5 Kg7 35. Kf2 Ne3 36. Rxc5 Rxc5 37. Rxb4 Rxe5 {[%mdl 4096] Endspiel KTL-KTS} 38. Kg1 (38. b3 $16) 38... exf5 39. gxf5 Nd1 (39... Rc5 $11 {hält das Gleichgewicht.}) 40. Bc2 (40. Kg2 $16) 40... Ne3 $11 41. Bd3 Rc5 42. Rxd4 Rc1+ 43. Kh2 Rd1 44. Rd6 Rd2+ (44... h5 $11) 45. Kg1 ({Lieber} 45. Kg3 $14 Rxb2 46. e5 Nxf5+ 47. Bxf5) 45... h5 {Und weiter mit ...g4 wäre nett.} 46. e5 g4 {...g3 ist eine echte Drohung.} 47. Be4 Re2 $1 48. hxg4 hxg4 49. Bd3 $2 {[%mdl 8192]} (49. f6+ $11 Kh6 50. e6) 49... Rg2+ $19 50. Kh1 {[#]} Rd2 $2 (50... g3 $1 $19 51. f6+ Kh6) 51. f6+ $11 Kh6 52. Be4 Rf2 {Droht stark ...g3.} 53. Rd3 Re2 {zielt auf ...Kg5 ab.} 54. e6 fxe6 {Weiss muss nun ...g3 beachten.} 55. Rd8 $2 {[%mdl 8192]} (55. Rc3 $15) 55... g3 {[%cal Re2e1]} 56. Rh8+ Kg5 {Precision: Weiß = 57%, Schwarz = 54%.} 0-1

[Event "ISR-chT 2018"]
[Site "Israel"]
[Date "2018.02.09"]
[Round "5"]
[White "Psakhis, Lev"]
[Black "Sutovsky, Emil"]
[Result "0-1"]
[WhiteElo "2472"]
[BlackElo "2658"]
[Annotator "TA"]
[PlyCount "100"]
[EventDate "2018.??.??"]
[EventType "team-tourn"]
[EventCountry "ISR"]
[SourceTitle "playchess.com"]
[Source "ChessBase"]
[SourceQuality "1"]

{[%evp 14,100,0,0,0,0,0,-16,-18,-14,0,0,7,0,0,-54,-54,-56,-55,-43,-29,-83,-78,-70,-57,-52,-54,-72,-29,-75,-86,-83,-80,-152,-112,-100,-105,-106,-96,-93,-79,-114,-112,-106,-107,-114,-114,-114,-113,-112,-106,-113,-114,-113,-112,-105,-101,-217,-217,-217,-217,-217,-210,-197,-183,-176,-129,-133,-132,-801,-704,-1593,-1585,-1464,-1189,-991,-932,-29959,-29942,-6590,-6073,-29983,-29984,-29983,-29985,-29984,-29985,-29985,-29986]} 1. e4 c5 2. Nf3 Nc6 3. Bb5 g6 4. Bxc6 bxc6 5. O-O Bg7 6. Re1 Nf6 7. h3 O-O 8. c3 {LiveBook: 26 Games} e5 {B31: Sicilian: 2...Nc6 3 Bb5 g6} (8... Rb8 9. d4 cxd4 10. cxd4 d6 11. Nc3 Nd7 12. b3 a5 13. Be3 Ba6 14. Qd2 c5 15. Rac1 c4 16. bxc4 Bxc4 {½-½ (61) Harikrishna,P (2753)-Li,C (2751) Huaian 2016}) 9. Nxe5 Re8 10. d4 cxd4 {The position is equal.} 11. cxd4 c5 $146 ({Predecessor:} 11... d6 12. Nxc6 Qb6 13. d5 Nxe4 14. Qf3 Bf5 15. Na3 Qa6 {0-1 (60) Bernadskiy,V (2358)-Vovk,Y (2546) Lvov 2009}) 12. Bg5 {aiming for Nxf7.} h6 13. Bxf6 Qxf6 14. Nc3 (14. Nd2 $11) 14... cxd4 $15 15. Ng4 Qd8 $1 16. Nd5 Bb7 17. Qd2 (17. Qb3 $11 Bxd5 18. Qxd5) 17... Bxd5 18. exd5 Qg5 (18... Rxe1+ {is interesting.} 19. Rxe1 Qf8 20. Rd1 h5 21. Nh2 Rb8) 19. Qxg5 hxg5 20. Nh2 Reb8 21. Re2 d3 $36 {[%mdl 2048] Keeping White busy.} 22. Rd2 Rxb2 23. Rad1 (23. Rxb2 $142 Bxb2 24. Rd1) 23... Rxd2 24. Rxd2 $17 {[%mdl 4096] Endgame KRB-KRN} Rc8 25. Rxd3 Rc1+ 26. Nf1 Bf8 27. Rd2 Bb4 28. Rb2 a5 29. g3 Rd1 30. Kg2 Rxd5 31. Ne3 Rd3 32. Rc2 f5 33. Nc4 Rc3 34. Rxc3 Bxc3 {KB-KN} 35. g4 {[#]} (35. Nb6 $17 {keeps fighting.}) 35... Kf7 $1 $19 36. Kf3 Ke6 37. Ke2 d5 38. Ne3 Ke5 39. Ng2 Ke4 40. f3+ {[#]} Ke5 $1 41. h4 $2 {[%mdl 8192]} (41. gxf5 $17 gxf5 42. h4) 41... fxg4 42. fxg4 gxh4 43. Nxh4 g5 44. Nf5 Ke4 45. a4 d4 {[%cal Bd5d4,Bd4d3][%mdl 32]} 46. Nh6 d3+ 47. Kd1 Kf3 {Black mates.} 48. Nf5 Kxg4 49. Ne3+ Kf3 50. Nd5 Bd4 {Precision: White = 27%, Black = 84%.} 0-1

[Event "ISR-chT 2018"]
[Site "Israel"]
[Date "2018.02.09"]
[Round "5"]
[White "Manor, Ilan"]
[Black "Caspi, Israel"]
[Result "1-0"]
[WhiteElo "2466"]
[BlackElo "2465"]
[Annotator "TA"]
[PlyCount "49"]
[EventDate "2018.??.??"]
[EventType "team-tourn"]
[EventCountry "ISR"]
[SourceTitle "playchess.com"]
[Source "ChessBase"]
[SourceQuality "1"]

{[%evp 12,49,-41,-18,-11,-32,-29,-66,-78,-78,0,8,114,101,115,79,130,112,378,282,305,193,206,214,364,353,357,334,476,231,209,216,836,957,831,728,2638,2580,29983,29984]} 1. d4 f5 2. e4 fxe4 3. Nc3 Nf6 4. Bg5 Nc6 5. Bb5 a6 (5... g6 6. Bxf6 exf6 7. Nxe4 Qe7 8. Bxc6 dxc6 9. Qe2 f5 10. Nc3 Bg7 11. Qxe7+ Kxe7 12. Nge2 Be6 13. O-O-O Kf7 14. Rhe1 {½-½ (14) Zelcic,R (2561)-Palac,M (2610) Pula 2000}) 6. Ba4 {A83: Dutch Defence: Staunton Gambit with 3 Nc3 Nf6 4 Bg5} b5 7. Bb3 {LiveBook: 3 Games} Bb7 8. Nh3 $146 {The position is equal.} (8. f3 {seems wilder.} exf3 9. Nxf3 Na5 10. O-O g6 11. Qe2) ({Predecessor:} 8. f3 Na5 9. Bxf6 exf6 10. Nxe4 d5 11. Nc5 Bxc5 12. dxc5 O-O 13. Kf2 {1-0 (47) Rodriguez Vargas,O (2425)-Vallejo Pons,F (2415) Ponferrada 1997}) 8... Na5 9. Nf4 Nxb3 10. axb3 g6 (10... e6 $17) 11. h4 $11 {[%cal Bh2h4,Bh4h5][%mdl 32] White wants to play h5.} Bg7 (11... Rg8 $11) 12. h5 $1 $16 Kf7 13. Qe2 Rg8 ({Black should try} 13... Qc8) 14. O-O-O {Hoping for d5.} Qe8 $2 {[%mdl 8192]} (14... d5 $16) 15. hxg6+ hxg6 16. Bxf6 exf6 {[#]} 17. Nxg6 $1 {[%mdl 512]} b4 {[#]} (17... f5 $142) (17... Kxg6 18. Qh5#) 18. Na4 $1 $18 d6 19. Qh5 Bc8 (19... Bf8 $142) 20. Rde1 (20. f3 $142) 20... f5 {[#]} 21. g4 $1 {[%cal Bg2g4,Bg4f5][%mdl 544]} Bxd4 $2 (21... Kf6 22. g5+ Ke6) (21... fxg4 22. Rxe4) 22. gxf5 Bb7 {[#]} 23. f3 $1 {[%cal Bf2f3,Bf3e4,Be4e5][%mdl 544]} Bf6 (23... exf3 24. Nh8+) 24. fxe4 Rg7 25. e5 {Precision: White = 73%, Black = 22%.} 1-0

[Event "ISR-chT 2018"]
[Site "Israel"]
[Date "2018.02.09"]
[Round "5"]
[White "Kaspi, Alexander"]
[Black "Greenfeld, Alon"]
[Result "1-0"]
[WhiteElo "2455"]
[BlackElo "2520"]
[Annotator "TA"]
[PlyCount "91"]
[EventDate "2018.??.??"]
[EventType "team-tourn"]
[EventCountry "ISR"]
[SourceTitle "playchess.com"]
[Source "ChessBase"]
[SourceQuality "1"]

{[%evp 17,91,0,12,0,0,0,-8,-27,0,0,0,-37,2,-33,7,5,0,0,13,2,15,0,0,-22,0,-31,49,49,102,111,112,71,70,65,213,68,68,62,61,68,118,112,176,157,163,50,65,77,61,14,181,189,468,468,492,483,468,461,641,634,670,550,539,477,593,542,562,474,720,581,574,545,1257,1221,1067,877]} 1. d4 Nf6 2. c4 b6 3. Nc3 Bb7 4. Bg5 e6 5. a3 h6 6. Bh4 {A40: Unusual replies to 1 d4} Be7 (6... d6 7. Nf3 Nbd7 8. Qc2 g5 9. Bg3 Nh5 10. d5 Qe7 11. Nd4 Bg7 12. dxe6 Bxd4 13. Nb5 Nxg3 14. exd7+ Qxd7 15. hxg3 {½-½ (60) Aleksandrov,A (2554)-Vallejo Pons,F (2698) Dubai 2014}) 7. Nf3 O-O 8. e3 d5 9. cxd5 exd5 {LiveBook: 4 Games} 10. Bxf6 Bxf6 11. Bd3 c5 12. O-O $146 ({Predecessor:} 12. Ne2 Qd6 13. Rc1 c4 14. Bb1 {1-0 (46) De Araujo,J (2051)-Santos,G (1924) Belem 2014}) 12... Na6 13. Rc1 Nc7 14. Bb1 Ne6 15. dxc5 Nxc5 16. Nd4 Ne4 17. Qd3 g6 18. Rfd1 Qe7 19. Ncb5 Nc5 20. Qf1 Rfc8 21. b4 Ne4 (21... a6 $15) 22. Rxc8+ $14 Bxc8 ({Better is} 22... Rxc8 $14 23. Nxa7 Ra8 24. Bxe4 dxe4) 23. Nc6 $36 {[%mdl 2048] Keeping Black busy.} Qb7 24. Rxd5 Bf5 25. Qc4 $1 {aiming for g4.} Re8 (25... Rc8 $14 26. Bxe4 Qxc6 27. Qxc6 Rxc6 28. Rd8+ Bxd8 29. Bxc6 a5) 26. f3 ({But not} 26. Nbxa7 $6 Nc3 $16) ({White should try} 26. Ncxa7 $18 {g4! is the strong threat.} Bg5 27. Nc7) 26... a6 $14 27. fxe4 {[%cal Bf3e4,Be4e5][%mdl 32]} axb5 28. Qxb5 Be6 {[#] And now ...Qc7 would win.} 29. Rd6 $1 Rc8 {[#]} (29... Bg5 $16) 30. e5 $1 $18 {[%cal Re5f6]} Bg5 31. Kf2 (31. Be4 $18) 31... Be7 $1 $14 {[%cal Re7d6]} 32. Nxe7+ Qxe7 33. g3 Rc1 $2 (33... Qb7 $1 $11 {and Black has nothing to worry.}) 34. Be4 $18 Bc4 $2 (34... Bh3 35. Rxb6 Rf1+ 36. Ke2 Ra1) 35. Qxb6 {White is clearly winning.} Qxe5 {( -> ...Rf1+)} 36. Qd4 Qxd4 37. Rxd4 {[%mdl 4096] Endgame KRB-KRB} ({Less strong is} 37. exd4 Rf1+ 38. Kg2 Ra1 $18) 37... Be6 38. a4 {[%cal Ba3a4,Ba4a5][%mdl 32]} Ra1 39. a5 Ra2+ 40. Kf3 Bh3 41. Kf4 Kf8 42. g4 g5+ (42... Bf1 $142 43. Bc6 Ra3) 43. Kg3 Bf1 44. Bd3 Bg2 45. Bc4 Rb2 46. b5 {Precision: White = 51%, Black = 19%.} 1-0